The fourth battalion duke of cannought's own tenth Baluch Regiment in the great war (Record no. 552777)
[ view plain ]
| 000 -LEADER | |
|---|---|
| fixed length control field | 00387nam a2200121 a 4500 |
| 082 ## - DEWEY DECIMAL CLASSIFICATION NUMBER | |
| Classification number | 940.40954 |
| Author Mark | THA |
| 100 1# - MAIN ENTRY--PERSONAL NAME | |
| Personal name | Thatcher, W.S |
| 9 (RLIN) | 50045 |
| 245 1# - TITLE STATEMENT | |
| Title | The fourth battalion duke of cannought's own tenth Baluch Regiment in the great war |
| Statement of responsibility, etc. | Thatcher, W.S |
| 260 ## - PUBLICATION, DISTRIBUTION, ETC. | |
| Place of publication, distribution, etc. | Cambrodge : |
| Name of publisher, distributor, etc. | Lewis, |
| Date of publication, distribution, etc. | 1932. |
| 300 ## - PHYSICAL DESCRIPTION | |
| Extent | 290 p. : ill. |
| 526 ## - STUDY PROGRAM INFORMATION NOTE | |
| Program name | 0 |
| Interest level | 0 |
| Reading level | 0 |
| Title point value | 940_409540000000000_THA |
| 942 ## - ADDED ENTRY ELEMENTS (KOHA) | |
| Source of classification or shelving scheme | |
| Koha item type | Book |
| Withdrawn status | Lost status | Source of classification or shelving scheme | Damaged status | Not for loan | Permanent Location | Current Location | Date acquired | Total Checkouts | Full call number | Barcode | Date last seen | Price effective from | Koha item type |
|---|---|---|---|---|---|---|---|---|---|---|---|---|---|
| Military College of Engineering (MCE) | Military College of Engineering (MCE) | 01/22/2015 | 940.40954 THA | MCE-ECB.12 | 01/22/2015 | 01/22/2015 | Book |
